Sports Quiz

Random Sports Quiz

Jose Mourinho's final opponents Quiz Stats

 Plays Quiz not verified by Sporcle

Support Sporcle.
Go Orange.
Score 0/27 Timer 05:00
4 Plays Today
Season Club % Correct
2010/11Barcelona
96.2%
2011/12Barcelona
96.2%
2012/13Barcelona
96.2%
2003/04Benfica
95.4%
2005/06Arsenal
94.7%
2006/07Arsenal
94.7%
2015/16Arsenal
94.7%
2006/07Manchester United
93.7%
2007/08Manchester United
93.7%
2003/04AC Milan
90.4%
2004/05Liverpool
89.7%
2006/07Liverpool
89.7%
2009/10Bayern Munich
88%
2017/18Chelsea
84.3%
Season Club % Correct
2014/15Tottenham
83.6%
2017/18Real Madrid
82.7%
2008/09Roma
82.7%
2009/10Roma
82.7%
2012/13Atletico Madrid
80.7%
2016/17Ajax
79.9%
2003/04Monaco
77%
2009/10Lazio
73.4%
2016/17Leicester
72.5%
2016/17Southampton
54.9%
2002/03Celtic
37.3%
2002/03Uniao de Leiria
5.9%
2003/04Uniao de Leiria
5.9%

You're not logged in!

Compare scores with friends on all Sporcle quizzes.
OR
Log In

From the Vault

Love Triangles

by PumpkinBomb

You don't find Big Love on here, because that's more of a quadrilateral.
Remove Ads.
Support Sporcle.
Get the best of Sporcle when you Go Orange. This ad-free experience offers more features, more stats, and more fun while also helping to support Sporcle. Thank you for becoming a member.

Show Comments

Extras

Top Quizzes Today


Score Distribution

Your Account Isn't Verified!

In order to create a playlist on Sporcle, you need to verify the email address you used during registration. Go to your Sporcle Settings to finish the process.

Report this User

Report this user for behavior that violates our Community Guidelines.

Details: